Vida "lixo" zero (Record no. 1406)

MARC details
000 -Etiqueta do registo
Valores 00724nam a2200253 4500
010 ## - Número ISBN
ISBN 9789896662363
021 ## - Número do Depósito Legal
Código do país Portugal
Número 463865/19
100 ## - Dados gerais de processamento
Dados gerais 20231117d2020 m||y0pory50030103ba
101 0# - Língua de publicação
Língua Português
102 ## - País de publicação
País Portugal
200 ## - Titulo e menção de responsabilidade
Título próprio Vida "lixo" zero
Informação de outro título aprenda a viver de forma mais simples, sustentável e feliz
Primeira menção de responsabilidade Ana Milhazes
Outras menções de responsabilidade il. Bárbara R.
205 ## - Menção da edição
Edição 1ª edição
210 ## - Publicação
Local de publicação Lisboa
Nome do editor Contraponto
Data de publicação 2020
215 ## - Descrição física 
Paginação / Volumes 222, [2] p.
Outras indicações físicas il.
Dimensões 24 cm
300 ## - Notas gerais 
Texto da nota BMB-Registado
606 ## - Nome comum usado como assunto
ID Autoridade 1503
Palavra de ordem Conservação da natureza
606 ## - Nome comum usado como assunto
ID Autoridade 1504
Palavra de ordem Meio Ambiente
675 ## - CDU
Notação 502
Edição BMB
Língua por
700 ## - Autor principal (pessoa individual)
Apelido Milhazes
Nome Ana
ID Autoridade 1505
702 ## - Autor secundário (pessoa individual)
Apelido R.
Nome Bárbara
Função Ilustrador
ID Autoridade 1506
801 ## - Fonte de origem
País PT
Agência BMB
Regras de catalogação RPC
990 ## - Elementos KOHA
Tipo de documento Livro
Holdings
Situação do levantamento Estado Número Biblioteca de origem Código de barras Cota Permissão de empréstimo Tipo de documento Forma de aquisição
    1 Biblioteca Municipal de Borba 1121 502 MIL / VID   Livro Oferta
Biblioteca Municipal de Borba

Powered by Koha